000 00274nam a22001217a 4500
008 170324b xxu||||| |||| 00| 0 eng d
041 _aeng
080 _22ED
_a616.83
100 _a8
101 _aSHM
245 _aEVALUATION PERMNENT IMPARMENT
_cBEJLAN.J.R
942 _2udc
_cBK
999 _c8629
_d8629